00333nam a2200121Ia 4500008004100000041000800041082001500049100002100064245004500085260004200130300003000172365000900202240624s9999 xx 000 0 und d aeng a332.64 WIL aWILSON RICHARD C aHEDGE FUND BOOK A TRAINING MANUAL FOR PR c2010aNew JerseybJohn Wiley and Sons axv, : 191 : p. : cm. ; 23 cb27